Management information systems: Managing information technology in the internet worked enterprise (Record no. 183030)

MARC details
000 -LEADER
fixed length control field 00516nam a2200169Ia 4500
008 - FIXED-LENGTH DATA ELEMENTS--GENERAL INFORMATION
fixed length control field 231217s9999 xx 000 0 und d
020 ## - INTERNATIONAL STANDARD BOOK NUMBER
International Standard Book Number 818601179X
041 ## - LANGUAGE CODE
Language code of text/sound track or separate title English
082 ## - DEWEY DECIMAL CLASSIFICATION NUMBER
Classification number 658.05 OBR;24
100 ## - MAIN ENTRY--PERSONAL NAME
Personal name O'Brien, James A.
245 #0 - TITLE STATEMENT
Title Management information systems: Managing information technology in the internet worked enterprise
250 ## - EDITION STATEMENT
Edition statement 4th ed.
260 ## - PUBLICATION, DISTRIBUTION, ETC.
Date of publication, distribution, etc. 2007
Name of publisher, distributor, etc. Galgotia
Place of publication, distribution, etc. New Delhi
300 ## - PHYSICAL DESCRIPTION
Extent xxv+700
650 ## - SUBJECT ADDED ENTRY--TOPICAL TERM
Topical term or geographic name entry element Management,information,systems:,information,worked
942 ## - ADDED ENTRY ELEMENTS (KOHA)
Koha item type Books
Holdings
Date last seen Total checkouts Full call number Accession number Price effective from Category Lost status Damaged status Department Withdrawn status Home library Current library Shelving location Entry date Grants Billdate Currency symbol Conversion rate Discount Old discount
26/01/2024   658.05 OBR;24 53989 26/01/2024 Books     Information Science   Central Library Central Library Information Science 24/04/2009 IS 05/11/2012 RS 1    
26/01/2024   658.05 OBR;25 53990 26/01/2024 Books     Information Science   Central Library Central Library Central Library 24/04/2009 IS 05/11/2012 RS 1    
26/01/2024   658.05 OBR;26 53991 26/01/2024 Books     Information Science   Central Library Central Library Information Science 24/04/2009 IS 12/10/2012 RS 1    

© For any Suggestions or Query, please contact the library staff @ librarian@pes.edu or Phone: +9180 2672 1983/ 2108.